| 000 | 00497nam a2200193Ia 4500 | ||
|---|---|---|---|
| 003 | OSt | ||
| 005 | 20250917094051.0 | ||
| 008 | 210210b1986 xxu||||| |||| 00| 0 eng d | ||
| 040 | _cAL | ||
| 041 | _aKannada | ||
| 082 | _aK894.3 GITT | ||
| 100 |
_aGITA (K) _dಗೀತಾ (ಕೆ ) _9238995 |
||
| 245 |
_aTirada ase _bತೀರದ ಆಸೆ |
||
| 260 |
_aMaisuru. _bSanthosha Prakashana., _c1986 |
||
| 300 | _a112 | ||
| 690 |
_aKannada Fiction _9238996 |
||
| 906 | _aSG02025 | ||
| 942 |
_2ddc _cSG |
||
| 999 |
_c113473 _d113473 |
||